[Event "SM-2021-0-00449"]
[Site "LSS email"]
[Date "2021.07.18"]
[Round "?"]
[White "Oliveira, Diogo"]
[Black "Seiler, Peter"]
[Result "1/2-1/2"]
[WhiteElo "2243"]
[BlackElo "2228"]
[PlyCount "49"]
[EventDate "2021.05.18"]
[EventType "tourn (corr)"]
[EventRounds "6"]
[EventCountry "GER"]
[SourceTitle "Corr 2024"]
[Source "ChessBase"]
[SourceDate "2023.10.19"]
[SourceVersion "1"]
[SourceVersionDate "2023.10.19"]
[SourceQuality "1"]

1. d4 Nf6 2. c4 g6 3. Nc3 d5 4. Bd2 Bg7 5. Nf3 0-0 6. e3 c5 7. dxc5 Na6 8. cxd5 Nxc5 9. Bc4 Bf5 10. Qe2 Nxd5 11. Nxd5 b5 12. Bxb5 Qxd5 13. 0-0 Rab8 14. Bc3 Bxc3 15. bxc3 Bg4 16. Rad1 Bxf3 17. Rxd5 Bxe2 18. Bxe2 Rfc8 19. Rd2 Ne4 20. Rd7 Nxc3 21. Ba6 Rc6 22. Rxa7 Nxa2 23. Be2 Nc3 24. Bf3 Re6 25. Rc7 1/2-1/2

[Event "RM-2020-0-00219"]
[Site "LSS email"]
[Date "2020.09.26"]
[Round "?"]
[White "Seiler, Peter"]
[Black "Schenning, Albert"]
[Result "1/2-1/2"]
[WhiteElo "2231"]
[BlackElo "2228"]
[PlyCount "38"]
[EventDate "2020.08.22"]
[EventType "tourn (corr)"]
[EventRounds "6"]
[EventCountry "GER"]
[SourceTitle "Corr 2022"]
[Source "ChessBase"]
[SourceDate "2021.10.24"]
[SourceVersion "1"]
[SourceVersionDate "2021.10.24"]
[SourceQuality "1"]

1. d4 Nf6 2. Nf3 g6 3. c4 Bg7 4. g3 d5 5. Bg2 0-0 6. cxd5 Nxd5 7. 0-0 Nb6 8. Nc3 Nc6 9. e3 Re8 10. d5 Na5 11. Nd4 Bd7 12. Rb1 Rc8 13. b4 c5 14. bxa5 cxd4 15. exd4 Nc4 16. Ne4 Bf5 17. Bf4 Bxe4 18. Bxe4 Qxa5 19. Rxb7 Nd6 1/2-1/2

[Event "RM-2020-0-00219"]
[Site "LSS email"]
[Date "2020.09.25"]
[Round "?"]
[White "Seiler, Peter"]
[Black "Reyes Sablon, Alberto"]
[Result "1/2-1/2"]
[WhiteElo "2231"]
[BlackElo "2151"]
[PlyCount "50"]
[EventDate "2020.08.22"]
[EventType "tourn (corr)"]
[EventRounds "6"]
[EventCountry "GER"]
[SourceTitle "Corr 2022"]
[Source "ChessBase"]
[SourceDate "2021.10.24"]
[SourceVersion "1"]
[SourceVersionDate "2021.10.24"]
[SourceQuality "1"]

1. e4 c5 2. Nc3 Nc6 3. Nge2 g6 4. d4 cxd4 5. Nxd4 Bg7 6. Be3 Nf6 7. Bc4 0-0 8. Bb3 d6 9. f3 Bd7 10. Qd2 Nxd4 11. Bxd4 b5 12. h4 a5 13. h5 a4 14. Bd5 b4 15. Bxf6 exf6 16. Ne2 Rc8 17. 0-0-0 f5 18. Nd4 Rc5 19. Kb1 Qb6 20. hxg6 hxg6 21. Qg5 Rxd5 22. exd5 a3 23. Qd2 Rc8 24. Rhe1 Bf6 25. b3 Kg7 1/2-1/2

[Event "SM-2018-0-00396"]
[Site "LSS email"]
[Date "2018.07.03"]
[Round "?"]
[White "Seiler, Peter"]
[Black "Greet, Andrew"]
[Result "1/2-1/2"]
[WhiteElo "2176"]
[BlackElo "2389"]
[PlyCount "65"]
[EventDate "2018.05.22"]
[EventType "tourn (corr)"]
[EventRounds "6"]
[EventCountry "GER"]
[SourceTitle "Corr 2022"]
[Source "ChessBase"]
[SourceDate "2021.10.24"]
[SourceVersion "1"]
[SourceVersionDate "2021.10.24"]
[SourceQuality "1"]

1. e4 e6 2. d4 d5 3. Nc3 Nf6 4. e5 Nfd7 5. f4 c5 6. Nf3 Nc6 7. Be3 a6 8. Qd2 b5 9. a3 Qa5 10. Be2 b4 11. Nd1 Rb8 12. c3 bxc3 13. Nxc3 cxd4 14. Nxd4 Nxd4 15. Bxd4 Bc5 16. Bxc5 Qxc5 17. b4 Qa7 18. Rd1 h6 19. h4 0-0 20. Qd4 Qxd4 21. Rxd4 Bb7 22. Kd2 Rfc8 23. Rb1 Kf8 24. Ne4 Nxe5 25. Nc5 Nc6 26. Rd3 Ke7 27. f5 Rc7 28. fxe6 fxe6 29. Re3 Bc8 30. Rc1 Kd6 31. Bxa6 Nd4 32. Bxc8 Rbxc8 33. Nb7+ 1/2-1/2

[Event "SA-2018-0-00636"]
[Site "LSS email"]
[Date "2018.06.23"]
[Round "?"]
[White "Jarabinsky, Martin"]
[Black "Seiler, Peter"]
[Result "1-0"]
[WhiteElo "2280"]
[BlackElo "2177"]
[PlyCount "57"]
[EventDate "2018.05.27"]
[EventType "tourn (corr)"]
[EventRounds "6"]
[EventCountry "GER"]
[SourceTitle "Corr 2022"]
[Source "ChessBase"]
[SourceDate "2021.10.24"]
[SourceVersion "1"]
[SourceVersionDate "2021.10.24"]
[SourceQuality "1"]

1. e4 c5 2. Nf3 d6 3. d4 cxd4 4. Nxd4 Nf6 5. Nc3 g6 6. f3 Bg7 7. Be3 Nc6 8. Qd2 0-0 9. 0-0-0 d5 10. exd5 Nxd5 11. Nxc6 bxc6 12. Bd4 Bxd4 13. Qxd4 Qb6 14. Na4 Qa5 15. b3 Be6 16. Bc4 Rfd8 17. Qe5 Qb4 18. Kb2 Rab8 19. Bxd5 cxd5 20. Rd4 Qd6 21. Qxd6 Rxd6 22. Re1 Rc8 23. b4 Bd7 24. Nc5 Kf8 25. a3 h5 26. c4 Bc6 27. Red1 Ba8 28. cxd5 Rcd8 29. b5 1-0

[Event "RA-2018-0-00584"]
[Site "LSS email"]
[Date "2018.06.20"]
[Round "?"]
[White "Bubnov, Vladimir"]
[Black "Seiler, Peter"]
[Result "1/2-1/2"]
[WhiteElo "2275"]
[BlackElo "2176"]
[PlyCount "51"]
[EventDate "2018.05.14"]
[EventType "tourn (corr)"]
[EventRounds "6"]
[EventCountry "GER"]
[SourceTitle "Corr 2022"]
[Source "ChessBase"]
[SourceDate "2021.10.24"]
[SourceVersion "1"]
[SourceVersionDate "2021.10.24"]
[SourceQuality "1"]

1. d4 d5 2. c4 e6 3. Nc3 Nf6 4. cxd5 exd5 5. Bg5 c6 6. Qc2 h6 7. Bh4 g6 8. e3 Bf5 9. Bd3 Bxd3 10. Qxd3 Nbd7 11. f4 Be7 12. Bg3 Bb4 13. Nf3 Ne4 14. 0-0 Qe7 15. Bh4 g5 16. Be1 Bxc3 17. bxc3 Qe6 18. a4 f5 19. Ne5 0-0 20. Rc1 Nxe5 21. fxe5 Rad8 22. c4 c5 23. a5 Rf7 24. h3 h5 25. cxd5 Qxd5 26. Qd1 1/2-1/2

[Event "SM-2018-0-00396"]
[Site "LSS email"]
[Date "2018.06.20"]
[Round "?"]
[White "Muniz Pardino, Alberto"]
[Black "Seiler, Peter"]
[Result "1/2-1/2"]
[WhiteElo "2253"]
[BlackElo "2176"]
[PlyCount "51"]
[EventDate "2018.05.22"]
[EventType "tourn (corr)"]
[EventRounds "6"]
[EventCountry "GER"]
[SourceTitle "Corr 2022"]
[Source "ChessBase"]
[SourceDate "2021.10.24"]
[SourceVersion "1"]
[SourceVersionDate "2021.10.24"]
[SourceQuality "1"]

1. e4 c5 2. Nf3 d6 3. d4 cxd4 4. Nxd4 Nf6 5. Nc3 a6 6. h3 e6 7. g4 h6 8. Bg2 Be7 9. Be3 Nc6 10. f4 Nd7 11. 0-0 0-0 12. Nce2 Nxd4 13. Nxd4 e5 14. Nf5 exf4 15. Bxf4 Ne5 16. b3 Bxf5 17. exf5 Rc8 18. Qd2 b5 19. Rad1 Rc7 20. Kh1 Re8 21. Rde1 Qc8 22. Re2 Bf6 23. Qxd6 Rxc2 24. Rxe5 Bxe5 25. Bxe5 Rd8 26. Qb6 1/2-1/2

[Event "RA-2018-0-00584"]
[Site "LSS email"]
[Date "2018.06.20"]
[Round "?"]
[White "Seiler, Peter"]
[Black "Pilgram, Kurt"]
[Result "1-0"]
[WhiteElo "2176"]
[BlackElo "2117"]
[PlyCount "101"]
[EventDate "2018.05.14"]
[EventType "tourn (corr)"]
[EventRounds "6"]
[EventCountry "GER"]
[SourceTitle "Corr 2022"]
[Source "ChessBase"]
[SourceDate "2021.10.24"]
[SourceVersion "1"]
[SourceVersionDate "2021.10.24"]
[SourceQuality "1"]

1. d4 Nf6 2. c4 g6 3. Nc3 Bg7 4. e4 d6 5. f3 0-0 6. Be3 c5 7. Nge2 Nc6 8. d5 Ne5 9. Ng3 e6 10. Be2 a6 11. f4 Neg4 12. Bxg4 Nxg4 13. Qxg4 exd5 14. Qf3 d4 15. Bd2 dxc3 16. Bxc3 Bxc3+ 17. Qxc3 b5 18. f5 Qg5 19. 0-0 Bb7 20. Rad1 Rad8 21. Rf3 b4 22. Qd3 Rfe8 23. Rdf1 Bc6 24. Rf4 Kh8 25. b3 Qe7 26. Qd2 Qe5 27. Rh4 Rd7 28. f6 Qd4+ 29. Qxd4 cxd4 30. Rd1 Re6 31. Rf4 Kg8 32. Rxd4 Rd8 33. Nf1 Rde8 34. Nd2 g5 35. Rf5 h6 36. Kf2 Ra8 37. h4 gxh4 38. Rf4 a5 39. Nf3 h3 40. Ke3 hxg2 41. Rd2 g1Q+ 42. Nxg1 Rae8 43. Rg2+ Kh8 44. Rgg4 Rg8 45. Rxg8+ Kxg8 46. Ne2 Bd7 47. Nd4 Re8 48. Rf2 h5 49. Nf5 Bxf5 50. Rxf5 h4 51. Rh5 1-0

[Event "SM-2018-0-00396"]
[Site "LSS email"]
[Date "2018.05.25"]
[Round "?"]
[White "Susla, Vitaliy"]
[Black "Seiler, Peter"]
[Result "1/2-1/2"]
[WhiteElo "2326"]
[BlackElo "2176"]
[PlyCount "85"]
[EventDate "2018.05.22"]
[EventType "tourn (corr)"]
[EventRounds "6"]
[EventCountry "GER"]
[SourceTitle "Corr 2022"]
[Source "ChessBase"]
[SourceDate "2021.10.24"]
[SourceVersion "1"]
[SourceVersionDate "2021.10.24"]
[SourceQuality "1"]

1. d4 d5 2. c4 e6 3. Nf3 Nf6 4. Nc3 c6 5. e3 Nbd7 6. Qc2 Bd6 7. b3 0-0 8. Be2 b6 9. 0-0 Bb7 10. Bb2 Qe7 11. Rad1 Rac8 12. e4 Nxe4 13. Nxe4 dxe4 14. Qxe4 Nf6 15. Qh4 c5 16. Rfe1 cxd4 17. Nxd4 Ba3 18. Ba1 Bb4 19. Bd3 Qc5 20. Re2 Qh5 21. Qxh5 Nxh5 22. Nc2 Be7 23. Red2 Rfd8 24. Bf1 Nf6 25. g3 Rxd2 26. Rxd2 Be4 27. Bb2 Rd8 28. Rxd8+ Bxd8 29. Nd4 Kf8 30. Nb5 a6 31. Nc3 Bf3 32. c5 a5 33. cxb6 Bxb6 34. Bg2 Bxg2 35. Kxg2 Nd5 36. f4 Nb4 37. Kf3 Ke7 38. Ke2 Kd7 39. Na4 Ba7 40. a3 Nc2 41. Kd3 Ne1+ 42. Kc4 Bg1 43. h3 1/2-1/2

[Event "SM-2018-0-00389"]
[Site "LSS email"]
[Date "2018.02.22"]
[Round "?"]
[White "Seiler, Peter"]
[Black "McLeod, Sylvester"]
[Result "1/2-1/2"]
[WhiteElo "2157"]
[BlackElo "2329"]
[PlyCount "79"]
[EventDate "2017.11.16"]
[EventType "tourn (corr)"]
[EventRounds "6"]
[EventCountry "GER"]
[SourceTitle "Corr 2022"]
[Source "ChessBase"]
[SourceDate "2021.10.24"]
[SourceVersion "1"]
[SourceVersionDate "2021.10.24"]
[SourceQuality "1"]

1. e4 c5 2. Nf3 d6 3. d4 cxd4 4. Nxd4 Nf6 5. Nc3 a6 6. h3 e6 7. g4 h6 8. Bg2 g5 9. Be3 Nbd7 10. Qe2 Ne5 11. 0-0-0 Bd7 12. f4 gxf4 13. Bxf4 Rc8 14. Rhf1 Qb6 15. Nb3 Be7 16. Kb1 Rxc3 17. bxc3 Bb5 18. Qf2 Nfd7 19. Bxe5 Qxf2 20. Rxf2 Nxe5 21. Bf1 Bc6 22. Bd3 h5 23. Na5 hxg4 24. Nxc6 Nxc6 25. hxg4 Ne5 26. Rg1 Bg5 27. Rff1 Ke7 28. Kb2 Nd7 29. Kb3 Rc8 30. a3 Nc5+ 31. Ka2 Rg8 32. c4 Rg7 33. Rf3 Bf6 34. Rh3 Bd4 35. Rg2 Bf6 36. Rf3 Be5 37. g5 Rh7 38. Rgf2 Rg7 39. Rf1 Rxg5 40. Rxf7+ 1/2-1/2

[Event "WC-2018-P-00003"]
[Site "LSS email"]
[Date "2018.01.22"]
[Round "?"]
[White "Krueger, Hilmar"]
[Black "Seiler, Peter"]
[Result "1/2-1/2"]
[WhiteElo "2239"]
[BlackElo "2166"]
[PlyCount "53"]
[EventDate "2018.02.01"]
[EventType "tourn (corr)"]
[EventRounds "12"]
[EventCountry "GER"]
[SourceTitle "Corr 2022"]
[Source "ChessBase"]
[SourceDate "2021.10.24"]
[SourceVersion "1"]
[SourceVersionDate "2021.10.24"]
[SourceQuality "1"]

1. e4 c5 2. Nf3 Nc6 3. d4 cxd4 4. Nxd4 Nf6 5. Nc3 e5 6. Ndb5 d6 7. Bg5 a6 8. Na3 b5 9. Bxf6 gxf6 10. Nd5 f5 11. c3 Bg7 12. exf5 Bxf5 13. Nc2 Be6 14. g3 0-0 15. Bg2 a5 16. 0-0 f5 17. Nf4 exf4 18. Bxc6 fxg3 19. hxg3 f4 20. Bxa8 Qxa8 21. g4 Bxg4 22. f3 Bh5 23. Nd4 Kh8 24. Rf2 Rg8 25. Kh1 b4 26. Qd3 Bg6 27. Qc4 1/2-1/2

[Event "WC-2018-P-00003"]
[Site "LSS email"]
[Date "2018.01.22"]
[Round "?"]
[White "Seiler, Peter"]
[Black "Krueger, Hilmar"]
[Result "1/2-1/2"]
[WhiteElo "2166"]
[BlackElo "2239"]
[PlyCount "46"]
[EventDate "2018.02.01"]
[EventType "tourn (corr)"]
[EventRounds "12"]
[EventCountry "GER"]
[SourceTitle "Corr 2022"]
[Source "ChessBase"]
[SourceDate "2021.10.24"]
[SourceVersion "1"]
[SourceVersionDate "2021.10.24"]
[SourceQuality "1"]

1. d4 Nf6 2. Nf3 e6 3. e3 b6 4. c4 Bb7 5. Bd3 d5 6. 0-0 dxc4 7. Bxc4 a6 8. b3 Nbd7 9. Bb2 c5 10. Nbd2 Bd6 11. dxc5 Nxc5 12. Be2 0-0 13. Nc4 Bc7 14. Qxd8 Rfxd8 15. Be5 Bxe5 16. Nfxe5 Nd5 17. Rac1 f6 18. Nf3 Rac8 19. Nd4 b5 20. Na5 Ba8 21. Bf3 Nd3 22. Rcd1 Nc5 23. Rc1 Nd3 1/2-1/2

[Event "WC-2018-P-00003"]
[Site "LSS email"]
[Date "2018.01.22"]
[Round "?"]
[White "Seiler, Peter"]
[Black "Madrid Sole, Antonio"]
[Result "1-0"]
[WhiteElo "2166"]
[BlackElo "1789"]
[PlyCount "37"]
[EventDate "2018.02.01"]
[EventType "tourn (corr)"]
[EventRounds "12"]
[EventCountry "GER"]
[SourceTitle "Corr 2022"]
[Source "ChessBase"]
[SourceDate "2021.10.24"]
[SourceVersion "1"]
[SourceVersionDate "2021.10.24"]
[SourceQuality "1"]

1. e4 e6 2. d4 d5 3. Nc3 Nc6 4. Nf3 Nf6 5. e5 Ne4 6. Bd3 Bb4 7. Bd2 Nxd2 8. Qxd2 f6 9. a3 Bxc3 10. Qxc3 fxe5 11. dxe5 Bd7 12. b4 0-0 13. b5 Ne7 14. 0-0 Rc8 15. Qd4 c5 16. bxc6 Nxc6 17. Qg4 Qe7 18. Rfe1 Na5 19. h4 1-0

[Event "WC-2018-P-00003"]
[Site "LSS email"]
[Date "2018.01.22"]
[Round "?"]
[White "Seiler, Peter"]
[Black "Susla, Vitaliy"]
[Result "1/2-1/2"]
[WhiteElo "2166"]
[BlackElo "2357"]
[PlyCount "68"]
[EventDate "2018.02.01"]
[EventType "tourn (corr)"]
[EventRounds "12"]
[EventCountry "GER"]
[SourceTitle "Corr 2022"]
[Source "ChessBase"]
[SourceDate "2021.10.24"]
[SourceVersion "1"]
[SourceVersionDate "2021.10.24"]
[SourceQuality "1"]

1. d4 Nf6 2. c4 g6 3. Nc3 Bg7 4. e4 d6 5. f4 0-0 6. Nf3 Na6 7. e5 Nd7 8. Be2 c5 9. exd6 exd6 10. 0-0 Nf6 11. d5 Bd7 12. a3 Nc7 13. Bd3 Qc8 14. Ra2 Re8 15. b3 b5 16. Re1 Rxe1+ 17. Qxe1 Qa6 18. f5 Bxf5 19. Bxf5 gxf5 20. Qf1 bxc4 21. bxc4 Ng4 22. h3 Ne5 23. Nxe5 dxe5 24. Qxf5 Qxc4 25. Rc2 Nxd5 26. Ne4 Ne7 27. Rxc4 Nxf5 28. Rxc5 Nd4 29. Be3 f5 30. Nd2 Ne6 31. Rc6 Nd4 32. Rc5 Rd8 33. Kf2 Ne6 34. Rc6 Nd4 1/2-1/2

[Event "SA-2017-0-00601"]
[Site "LSS email"]
[Date "2017.10.14"]
[Round "?"]
[White "Seiler, Peter"]
[Black "Leoni, Rodolfo"]
[Result "1/2-1/2"]
[WhiteElo "2146"]
[BlackElo "2137"]
[PlyCount "65"]
[EventDate "2017.09.20"]
[EventType "tourn (corr)"]
[EventRounds "6"]
[EventCountry "GER"]
[SourceTitle "Corr 2022"]
[Source "ChessBase"]
[SourceDate "2021.10.24"]
[SourceVersion "1"]
[SourceVersionDate "2021.10.24"]
[SourceQuality "1"]

1. e4 c5 2. Nc3 Nc6 3. Nf3 g6 4. d4 cxd4 5. Nxd4 Bg7 6. Be3 Nf6 7. Bc4 0-0 8. f3 Qb6 9. Bb3 Nxe4 10. Nd5 Qa5+ 11. c3 Nf6 12. Nxc6 dxc6 13. Nxe7+ Kh8 14. Nxc8 Raxc8 15. 0-0 c5 16. Re1 c4 17. Bc2 Nd5 18. Bf2 Rfd8 19. Qc1 b5 20. a3 Kg8 21. Kh1 Qc7 22. Bh4 Bf6 23. Bg3 Qc5 24. Be4 a5 25. Rd1 Kg7 26. Rd2 Nb6 27. Re2 Na4 28. Bc2 Re8 29. Rxe8 Rxe8 30. Bxa4 bxa4 31. Qc2 Qg5 32. Rd1 Qb5 33. Bf4 1/2-1/2

[Event "WC-2017-Q-00007"]
[Site "LSS email"]
[Date "2017.08.22"]
[Round "?"]
[White "Konstantinov, Maxim"]
[Black "Seiler, Peter"]
[Result "1/2-1/2"]
[WhiteElo "2442"]
[BlackElo "2135"]
[PlyCount "77"]
[EventDate "2017.09.01"]
[EventType "tourn (corr)"]
[EventRounds "12"]
[EventCountry "GER"]
[SourceTitle "Corr 2022"]
[Source "ChessBase"]
[SourceDate "2021.10.24"]
[SourceVersion "1"]
[SourceVersionDate "2021.10.24"]
[SourceQuality "1"]

1. e4 e5 2. Nf3 Nc6 3. Bb5 a6 4. Ba4 Nf6 5. d3 Bc5 6. 0-0 b5 7. Bb3 d6 8. c3 h6 9. Nbd2 0-0 10. Re1 Bb6 11. Nf1 Rb8 12. h3 Ne7 13. Nh4 c5 14. Qf3 Qc7 15. Ng3 c4 16. dxc4 bxc4 17. Bc2 Ba7 18. Rb1 Rb5 19. b4 cxb3 20. Bxb3 Kh7 21. Nhf5 Nxf5 22. Nxf5 Qd8 23. Ba3 Bxf5 24. Qxf5+ g6 25. Qf3 Bc5 26. Bc1 Qe7 27. Bd2 Rfb8 28. Rbd1 a5 29. Bc1 Kg7 30. Rd3 Nh7 31. Kh2 Rf8 32. Qe2 Rbb8 33. f4 Nf6 34. Rf3 Rbe8 35. Ba4 Rd8 36. fxe5 dxe5 37. Bb3 Nh7 38. Rff1 Ng5 39. Rd1 1/2-1/2

[Event "WC-2017-Q-00007"]
[Site "LSS email"]
[Date "2017.08.22"]
[Round "?"]
[White "Rodrigues, Antonio"]
[Black "Seiler, Peter"]
[Result "1/2-1/2"]
[WhiteElo "2280"]
[BlackElo "2135"]
[PlyCount "77"]
[EventDate "2017.09.01"]
[EventType "tourn (corr)"]
[EventRounds "12"]
[EventCountry "GER"]
[SourceTitle "Corr 2022"]
[Source "ChessBase"]
[SourceDate "2021.10.24"]
[SourceVersion "1"]
[SourceVersionDate "2021.10.24"]
[SourceQuality "1"]

1. d4 f5 2. g3 Nf6 3. Bg2 g6 4. Nf3 Bg7 5. 0-0 d6 6. c4 0-0 7. Nc3 c6 8. Rb1 a5 9. Qb3 h6 10. Rd1 Na6 11. Be3 Ng4 12. Bd2 Be6 13. h3 Nf6 14. Qxb7 Nb4 15. d5 Bd7 16. a3 Rb8 17. Qa7 c5 18. axb4 axb4 19. Ra1 bxc3 20. Bxc3 Ra8 21. Qxa8 Qxa8 22. Rxa8 Rxa8 23. Nd2 Ra2 24. Rb1 Ba4 25. b3 Bd7 26. Nf1 Kf7 27. Bf3 Nh7 28. Bxg7 Kxg7 29. Ne3 g5 30. g4 f4 31. Ng2 h5 32. e3 hxg4 33. hxg4 Nf6 34. exf4 gxf4 35. Re1 Bxg4 36. Bxg4 Nxg4 37. Nxf4 Nxf2 38. Rxe7+ Kf6 39. Rd7 1/2-1/2

[Event "WC-2017-Q-00007"]
[Site "LSS email"]
[Date "2017.08.22"]
[Round "?"]
[White "Seiler, Peter"]
[Black "Aberbach Peltzman, Angel Sergio"]
[Result "1/2-1/2"]
[WhiteElo "2135"]
[BlackElo "2261"]
[PlyCount "56"]
[EventDate "2017.09.01"]
[EventType "tourn (corr)"]
[EventRounds "12"]
[EventCountry "GER"]
[SourceTitle "Corr 2022"]
[Source "ChessBase"]
[SourceDate "2021.10.24"]
[SourceVersion "1"]
[SourceVersionDate "2021.10.24"]
[SourceQuality "1"]

1. e4 c5 2. Nf3 d6 3. d4 cxd4 4. Nxd4 Nf6 5. Nc3 a6 6. Bg5 e6 7. f4 Qb6 8. Qd2 Qxb2 9. Rb1 Qa3 10. e5 h6 11. Bh4 dxe5 12. fxe5 Nfd7 13. Ne4 Qxa2 14. Rd1 Qd5 15. Qe3 Qxe5 16. Be2 Bc5 17. Bg3 Qd5 18. c4 Bxd4 19. Rxd4 Qa5+ 20. Rd2 0-0 21. Bd6 f5 22. Bxf8 Nxf8 23. Nd6 Nbd7 24. g4 fxg4 25. Bxg4 Ne5 26. Be2 Qa1+ 27. Rd1 Qa5+ 28. Rd2 Qa1+ 1/2-1/2

[Event "WC-2017-Q-00007"]
[Site "LSS email"]
[Date "2017.08.22"]
[Round "?"]
[White "Seiler, Peter"]
[Black "Rodrigues, Antonio"]
[Result "1/2-1/2"]
[WhiteElo "2135"]
[BlackElo "2280"]
[PlyCount "93"]
[EventDate "2017.09.01"]
[EventType "tourn (corr)"]
[EventRounds "12"]
[EventCountry "GER"]
[SourceTitle "Corr 2022"]
[Source "ChessBase"]
[SourceDate "2021.10.24"]
[SourceVersion "1"]
[SourceVersionDate "2021.10.24"]
[SourceQuality "1"]

1. e4 c6 2. d4 d5 3. Nc3 dxe4 4. Nxe4 Bf5 5. Ng3 Bg6 6. h4 h6 7. Nf3 Nd7 8. h5 Bh7 9. Bd3 Bxd3 10. Qxd3 e6 11. Bd2 Ngf6 12. 0-0-0 Be7 13. Kb1 Qb6 14. Rhe1 0-0 15. Nf5 Bb4 16. Nxh6+ gxh6 17. c3 Ba3 18. Bc1 Kh8 19. Ka1 Be7 20. Bxh6 Rg8 21. Ng5 Rxg5 22. Bxg5 Qb5 23. Qxb5 cxb5 24. d5 e5 25. d6 Bd8 26. Bxf6+ Bxf6 27. Re4 a6 28. Rb4 b6 29. a4 bxa4 30. Rxa4 Kg7 31. Kb1 a5 32. Kc2 Rc8 33. g3 Kh6 34. f3 Bd8 35. g4 Kg7 36. b3 Nc5 37. Raa1 Nd7 38. Kb2 Kf6 39. Re1 Kg7 40. b4 Bg5 41. Red1 axb4 42. cxb4 Kf6 43. Kb3 Ke6 44. Ra7 Rb8 45. Rh1 Bh6 46. Rha1 Be3 47. Rh1 1/2-1/2

[Event "SA-2017-0-00572"]
[Site "LSS email"]
[Date "2017.04.15"]
[Round "?"]
[White "Seiler, Peter"]
[Black "Catozzi, Mauro"]
[Result "1/2-1/2"]
[WhiteElo "2101"]
[BlackElo "2117"]
[PlyCount "48"]
[EventDate "2017.03.07"]
[EventType "tourn (corr)"]
[EventRounds "6"]
[EventCountry "GER"]
[SourceTitle "Corr 2022"]
[Source "ChessBase"]
[SourceDate "2021.10.24"]
[SourceVersion "1"]
[SourceVersionDate "2021.10.24"]
[SourceQuality "1"]

1. e4 c5 2. Nf3 d6 3. d4 cxd4 4. Nxd4 Nf6 5. Nc3 a6 6. Bg5 e6 7. f4 Qb6 8. Qd2 Qxb2 9. Rb1 Qa3 10. e5 dxe5 11. fxe5 h6 12. Bh4 g5 13. Bg3 Nh5 14. Ne4 Qxa2 15. Rb3 Nd7 16. Qc3 b5 17. Nxe6 fxe6 18. Be2 Nxg3 19. hxg3 b4 20. Qc6 Qa1+ 21. Kd2 Qxh1 22. Qxa8 Kd8 23. Rd3 b3 24. Rc3 Bc5 1/2-1/2

[Event "SA-2017-0-00572"]
[Site "LSS email"]
[Date "2017.04.15"]
[Round "?"]
[White "Seiler, Peter"]
[Black "Koch, Christian"]
[Result "1/2-1/2"]
[WhiteElo "2101"]
[BlackElo "2267"]
[PlyCount "27"]
[EventDate "2017.03.07"]
[EventType "tourn (corr)"]
[EventRounds "6"]
[EventCountry "GER"]
[SourceTitle "Corr 2022"]
[Source "ChessBase"]
[SourceDate "2021.10.24"]
[SourceVersion "1"]
[SourceVersionDate "2021.10.24"]
[SourceQuality "1"]

1. d4 d5 2. c4 c6 3. Nf3 Nf6 4. cxd5 cxd5 5. Nc3 Nc6 6. Bf4 a6 7. e3 Bg4 8. Rc1 e6 9. Qb3 Bxf3 10. gxf3 Na5 11. Qa4+ Nc6 12. Qb3 Na5 13. Qa4+ Nc6 14. Qb3 1/2-1/2

[Event "SA-2017-0-00571"]
[Site "LSS email"]
[Date "2017.04.11"]
[Round "?"]
[White "Dehaybe, Andre"]
[Black "Seiler, Peter"]
[Result "1-0"]
[WhiteElo "2194"]
[BlackElo "2097"]
[PlyCount "57"]
[EventDate "2017.02.22"]
[EventType "tourn (corr)"]
[EventRounds "6"]
[EventCountry "GER"]
[SourceTitle "Corr 2022"]
[Source "ChessBase"]
[SourceDate "2021.10.24"]
[SourceVersion "1"]
[SourceVersionDate "2021.10.24"]
[SourceQuality "1"]

1. d4 f5 2. c4 e6 3. g3 Nf6 4. Bg2 c6 5. Nf3 d5 6. Bf4 Bd6 7. e3 0-0 8. 0-0 Ne4 9. Nbd2 Be7 10. h4 Nd7 11. Rc1 h6 12. Ne5 Nxe5 13. Bxe5 Nxd2 14. Qxd2 Bf6 15. Rfd1 Bxe5 16. dxe5 Qe7 17. a3 g5 18. hxg5 hxg5 19. f4 gxf4 20. gxf4 Rf7 21. Kf2 Qh4+ 22. Ke2 Rg7 23. Kd3 Qh2 24. Rc2 Qg3 25. cxd5 cxd5 26. Rh1 Bd7 27. Rh3 Qg6 28. Bf3 Kf7 29. Bh5 1-0

[Event "SA-2017-0-00571"]
[Site "LSS email"]
[Date "2017.04.11"]
[Round "?"]
[White "Seiler, Peter"]
[Black "Benassi, Aspasio"]
[Result "1/2-1/2"]
[WhiteElo "2097"]
[BlackElo "1949"]
[PlyCount "42"]
[EventDate "2017.02.22"]
[EventType "tourn (corr)"]
[EventRounds "6"]
[EventCountry "GER"]
[SourceTitle "Corr 2022"]
[Source "ChessBase"]
[SourceDate "2021.10.24"]
[SourceVersion "1"]
[SourceVersionDate "2021.10.24"]
[SourceQuality "1"]

1. e4 c5 2. Nf3 d6 3. d4 cxd4 4. Nxd4 Nf6 5. Nc3 a6 6. h3 e5 7. Nde2 Be7 8. g4 Be6 9. Bg2 0-0 10. Be3 h6 11. Ng3 Nbd7 12. Nf5 Bxf5 13. exf5 Nb6 14. Qd3 Rc8 15. 0-0-0 Nc4 16. Kb1 Nxe3 17. fxe3 b5 18. Nd5 Nxd5 19. Bxd5 Rc5 20. Rhf1 a5 21. a3 b4 1/2-1/2

[Event "SA-2017-0-00567"]
[Site "LSS email"]
[Date "2017.02.23"]
[Round "?"]
[White "Seiler, Peter"]
[Black "Egorov, Vladimir Al"]
[Result "1/2-1/2"]
[WhiteElo "2122"]
[BlackElo "2083"]
[PlyCount "39"]
[EventDate "2017.01.31"]
[EventType "tourn (corr)"]
[EventRounds "6"]
[EventCountry "GER"]
[SourceTitle "Corr 2022"]
[Source "ChessBase"]
[SourceDate "2021.10.24"]
[SourceVersion "1"]
[SourceVersionDate "2021.10.24"]
[SourceQuality "1"]

1. e4 c6 2. d4 d5 3. Nc3 dxe4 4. Nxe4 Bf5 5. Ng3 Bg6 6. h4 h6 7. Nf3 Nd7 8. h5 Bh7 9. Bd3 Bxd3 10. Qxd3 Ngf6 11. Bd2 Qc7 12. 0-0-0 e6 13. Ne4 0-0-0 14. g3 Nc5 15. Nxc5 Bxc5 16. Rh4 Bd6 17. Qe2 Rhe8 18. Ne5 Kb8 19. Nc4 Ka8 20. Nxd6 1/2-1/2